000 00787nam a22002777a 4500
001 0000365
003 KOHA_MİRAKIL
005 20260207001208.0
007 ta
008 081212b2002 tu |||gr||||#||||0|tur |
020 _a9755112014
_cYTL16,335
040 _aTR-BiSEU
_btur
_cTR-BiSEU
_erda
041 0 _atur
044 _ctu
050 _aTS253
_b.K87 2002
100 1 _aKurt, Hüseyin.
245 1 _aKalıpçılık Tekniği ve Tasarımı (Kesme Kalıplar)/
_cHüseyin Kurt ; Hüseyin Kurt.
264 1 _aİstanbul :
_bBirsen
_c2002
300 _a213 sayfa
336 _ametin
_btxt
_2rdacontent
337 _aaracısız
_bn
_2rdamedia
338 _acilt
_bnc
_2rdacarrier
650 0 _aMetal işleme.
_92414
650 0 _aKalıplar (Metal işleme).
_92362
942 _2lcc
_cBK
999 _c366
_d366